| 000 | 00423nam a2200181Ia 4500 | ||
|---|---|---|---|
| 001 | 15689 | ||
| 005 | 20260306170214.0 | ||
| 008 | 260306t1991||||xx |||||||||||||| ||und|| | ||
| 041 | _aESP | ||
| 082 |
_a576.8 _bB81 |
||
| 100 |
_aBrace, C. Loring _eAUT |
||
| 245 | 4 | _aThe stages of human evolution | |
| 260 | _c1991 | ||
| 300 |
_a200 páginas : _c23 cm. |
||
| 650 | _aGEN | ||
| 654 | _aCCN | ||
| 942 |
_cLIB _dJUS _fJUS _2ddc _n |
||
| 999 |
_c15689 _d15689 |
||